Haryana Kesari Pandit Neki Ram Sharma (Record no. 11184)

MARC details
000 -LEADER
fixed length control field 00325nam a22001337a 4500
003 - CONTROL NUMBER IDENTIFIER
control field OSt
008 - FIXED-LENGTH DATA ELEMENTS--GENERAL INFORMATION
fixed length control field 220507b ||||| |||| 00| 0 eng d
100 ## - MAIN ENTRY--PERSONAL NAME
Personal name JUNEJA,N.M.
245 ## - TITLE STATEMENT
Title Haryana Kesari Pandit Neki Ram Sharma
260 ## - PUBLICATION, DISTRIBUTION, ETC. (IMPRINT)
Place of publication, distribution, etc Hisar
Name of publisher, distributor, etc Modern Publishers
Date of publication, distribution, etc 2006
300 ## - PHYSICAL DESCRIPTION
Extent 151
650 ## - SUBJECT ADDED ENTRY--TOPICAL TERM
Topical term or geographic name as entry element Gernal Book
942 ## - ADDED ENTRY ELEMENTS (KOHA)
Source of classification or shelving scheme Dewey Decimal Classification
Koha item type Text Books
Holdings
Withdrawn status Lost status Source of classification or shelving scheme Damaged status Not for loan Collection code Home library Current library Date acquired Currency Cost, normal purchase price Bill Number Total Checkouts Full call number Acc. no. / Barcode Date last seen Actual Cost, discounted price Bill Date Koha item type Public note
    Dewey Decimal Classification     IKS- Indian Knowledge System PIET C-LIBRARY PIET C-LIBRARY 07/05/2022 Indian Rup 200.00 714   954.5580JNB 33549 07/05/2022 150.00 04/04/2022 Text Books Biography

Design & Developed by: PIET Central Library
R70 Miles Stone Pattikalyana Samalkha Panipat 132102
mail ID :- [email protected], Phone No:- 0180-2569700 Ex.216